LEADER 01392cam0-22003371i-450- 001 990009823390403321 005 20140217082819.0 035 $a000982339 035 $aFED01000982339 035 $a(Aleph)000982339FED01 035 $a000982339 100 $a20140217d1828----km-y0itaa50------ba 101 0 $alat 102 $aDE 140 $aa-------------------bb0----- 200 1 $aT. Livii Patavini Historiarum libri, qui supersunt omnes et deperditorum fragmenta. Ex recensione Arn. Drakenborchii ad codicum bambergensis et vindobonensis fidem passim reficta edidit Ioannes Theophilus Kreyssig 205 $aEditio stereotijpa 210 $aLipsiae$cex officina Caroli Tauchnitii$d1828 215 $aVIII, 582 p.$critr.$d30 cm 517 1 $aHistoriarum libri, qui supersunt omnes et deperditorum fragmenta 676 $a870.01$v22$zita 700 1$aLivius,$bTitus$f<59 a. C.-17>$05194 702 1$aDrakenborch,$bArnoldus 702 1$aKreyssig,$bJohann Gottlieb$f<1779-1854> 801 0$aIT$bUNINA$gRICA$2UNIMARC 901 $aAQ 912 $a990009823390403321 952 $aSG 870/C 18$b16948$fFLFBC 959 $aFLFBC 996 $aT. Livii Patavini Historiarum libri, qui supersunt omnes et deperditorum fragmenta. Ex recensione Arn. Drakenborchii ad codicum bambergensis et vindobonensis fidem passim reficta edidit Ioannes Theophilus Kreyssig$9835447 997 $aUNINA LEADER 01431nam--2200409---450- 001 990000470560203316 005 20100722165001.0 010 $a88-238-0498-1 035 $a0047056 035 $aUSA010047056 035 $a(ALEPH)000047056USA01 035 $a0047056 100 $a20010525d1999----km-y0itay0103----ba 101 $aita 102 $aIT 105 $a||||||||001yy 200 1 $a<> impresa farmacia$ecultura e strumenti gestionali per il nuovo mercato$fManuela Brusoni$gprefazione di Elio Borgonovi 210 $aMilano$cEGEA$dC1999 215 $a220 p.$d24 cm 225 2 $aCERGAS / Centro di ricerche sulla gestione dell'assistenza sanitaria dell'Università Bocconi$v7 410 $12001$aCERGAS / Centro di ricerche sulla gestione dell'assistenza sanitaria dell'Università Bocconi$v7 606 0 $aFarmacie$xGestione 676 $a381.456151 700 1$aBRUSONI,$bManuela$0133134 702 1$aBORGONOVI,$bElio 801 0$aIT$bsalbc$gISBD 912 $a990000470560203316 951 $aXXX.B. Coll. 150/ 6 (X 32 LI 7)$b21580 G$cXXX.B. Coll. 150/ 6 (X 32 LI)$d00274138 959 $aBK 969 $aECO 979 $aPATTY$b90$c20010525$lUSA01$h1334 979 $c20020403$lUSA01$h1655 979 $aPATRY$b90$c20040406$lUSA01$h1633 979 $aRSIAV4$b90$c20100722$lUSA01$h1539 979 $aRSIAV4$b90$c20100722$lUSA01$h1650 996 $aImpresa farmacia$9196948 997 $aUNISA